00483nam a2200097Ia 4500008004100000245006800041300015100109650003400260999001900294952007200313180130s9999 xx 000 0 und d 4aThe silent call : Reich, Winnicott, and the interrupted gesture aBook title: Somatic experience in psychoanalysis and psychotherapy : in the expressive language of the living--Acession number C20994; pages 88-97 aPSYCHOANALYSIS, PSYCHOTHERAPY c354626d354626 001040aCLbCLd2018-01-30l0r2018-01-30 00:00:00w2018-01-30yBC